Trh práce a manažment ľudských zdrojov

Gespeichert in:
Bibliographische Detailangaben
1. Verfasser: Alexy, Július, 1926-2024
Körperschaft: Ekonomická univerzita v Bratislave. Národohospodárska fakulta
Weitere Verfasser: Antalová, Mária, 1952-
Format: Buch
Sprache:Slowakisch
Veröffentlicht: Bratislava Vydavateľstvo EKONÓM 2003
Schlagworte:
Tags: Tag hinzufügen
Keine Tags, Fügen Sie das erste Tag hinzu!

MARC

LEADER 00000nam a2200000 4500
001 c141236
005 20221108125041.9
020 |a 80-225-1633-3 
041 0 |a slo 
044 |a SK 
245 1 0 |a Trh práce a manažment ľudských zdrojov  |c Július Alexy, Mária Antalová 
264 1 |a Bratislava  |b Vydavateľstvo EKONÓM  |c 2003 
300 |a 251 s. 
610 2 0 |a trh práce 
610 2 0 |a zdroje ľudské 
610 2 0 |a riadenie 
610 2 0 |a manažment 
610 2 0 |a kapitál ľudský 
610 2 0 |a nezamestnanosť 
610 2 0 |a politika sociálna 
610 2 0 |a manažment personálny 
610 2 0 |a osobnosť 
610 2 0 |a organizácia 
610 2 0 |a podnik 
610 2 0 |a štruktúra organizačná 
610 2 0 |a manažéri 
610 2 0 |a pracovníci 
610 2 0 |a motivácia pracovná 
610 2 0 |a komunikácia 
610 2 0 |a riadenie personálne 
100 1 |a Alexy, Július, 1926-2024 
700 1 |a Antalová, Mária, 1952- 
710 2 |a Ekonomická univerzita v Bratislave. Národohospodárska fakulta